000 00305nam a22001337a 4500
008 170616b xxu||||| |||| 00| 0 eng d
020 _a9780155011991
041 _aeng
080 _26 ED
_a94
100 _a18
101 _aSHH
245 _aCIVILIZATION THE MAISTREAM
_cCHODOROW.S
942 _2udc
_cBK
999 _c17900
_d17900